Príprava a vlastnosti dimérnych metylesterov mastných kyselín

Salvato in:
Dettagli Bibliografici
Autore principale: Ulčák, Michal
Natura: Libro
Lingua:slovacco
Pubblicazione: Bratislava STU FCHPT 2008
Accesso online:Visualizza in OPAC
Tags: Aggiungi Tag
Nessun Tag, puoi essere il primo ad aggiungerne!!

MARC

LEADER 00000nam a2200000 a 4500
005 20260127134326.0
008 080818 2008 xo 000 0 slo d
035 |a vtls009322785 
039 9 |y 200808181037  |z mschk03 
040 |a STUSCHK1  |b slo  |c STUSCHK1  |e AACR2 
100 1 |a Ulčák, Michal 
245 1 |a Príprava a vlastnosti dimérnych metylesterov mastných kyselín 
260 |a Bratislava  |b STU FCHPT  |c 2008 
500 |a Obháj.: 4.6. 2008 
500 |a Zameranie: fyzikálna chémia 
500 |a Kombinácia študijných odborov: 4.1.14 chémia, 5.2.18 chemické technológie 
910 |a SCHK95 
999 |c 9876  |d 9876